header

CCENT Cisco certified entry networking technician. (Record no. 77331)

MARC details
000 -LEADER
fixed length control field 01282nam a2200313Ia 4500
100 1# - MAIN ENTRY--AUTHOR NAME
Personal name Lammle, Todd.
245 10 - TITLE STATEMENT
Title CCENT Cisco certified entry networking technician.
260 ## - PUBLICATION, DISTRIBUTION, ETC. (IMPRINT)
Place of publication Indianapolis, Ind. :
Name of publisher Wiley,
Year of publication c2008.
300 ## - PHYSICAL DESCRIPTION
Number of Pages xxxiii, 609 p. :
Other physical details ill.
500 ## - GENERAL NOTE
General note Includes index.
650 #0 - SUBJECT ADDED ENTRY--TOPICAL TERM
Topical Term Computer networks
Topical Term Electronic data processing personnel
856 40 - ELECTRONIC LOCATION AND ACCESS
Uniform Resource Identifier http://site.ebrary.com/lib/rucke/Doc?id=10296451

No items available.

© 2026 Rongo University
Contact us: librarian | system librarian | Rongo university